[Event "FIN-chT1B 1718"]
[Site "Finland"]
[Date "2017.10.22"]
[Round "4.3"]
[White "Tingander, Ari Pekka"]
[Black "Salokangas, Hannu"]
[Result "1/2-1/2"]
[WhiteElo "2006"]
[BlackElo "2157"]
[PlyCount "91"]
[EventDate "2017.09.16"]
[EventType "team-tourn"]
[EventRounds "7"]
[EventCountry "FIN"]
[SourceTitle "EXT 2020"]
[Source "ChessBase"]
[SourceDate "2019.10.17"]
[SourceVersion "1"]
[SourceVersionDate "2019.10.17"]
[SourceQuality "1"]
[WhiteTeam "Helsinki Garde"]
[BlackTeam "Tampere Tammer II"]
[WhiteTeamCountry "FIN"]
[BlackTeamCountry "FIN"]

1. e4 Nf6 2. Nc3 d5 3. exd5 Nxd5 4. Bc4 c6 5. Qf3 e6 6. Nge2 Nd7 7. d4 N7f6 8. Bg5 Be7 9. 0-0 0-0 10. Rad1 Qa5 11. Bd2 Qc7 12. Bg5 Bd7 13. Ne4 Nxe4 14. Bxe7 Nxe7 15. Qxe4 Ng6 16. Ng3 Rad8 17. Rfe1 Bc8 18. h4 Qf4 19. h5 Qxe4 20. Rxe4 Ne7 21. Be2 b6 22. Bf3 Bb7 23. Re2 Rd7 24. c3 Rfd8 25. Rde1 h6 26. Re5 Kf8 27. Ne2 Ba6 28. Nf4 Rd6 29. Be2 Bxe2 30. R1xe2 Nf5 31. g4 Ne7 32. Kg2 b5 33. Nd3 Rd5 34. f4 Rxe5 35. Rxe5 Rd5 36. Kf3 Rxe5 37. Nxe5 f6 38. Nd7+ Kf7 39. Ke4 g6 40. hxg6+ Kxg6 41. Kf3 f5 42. Ne5+ Kf6 43. Nd7+ Kg7 44. Ne5 Kf6 45. Nd7+ Kg7 46. Ne5 1/2-1/2

[Event "FIN-chT 1516"]
[Site "Finland"]
[Date "2016.02.07"]
[Round "8.7"]
[White "Tingander, Ari Pekka"]
[Black "Linden, Lari"]
[Result "0-1"]
[WhiteElo "2020"]
[BlackElo "2096"]
[PlyCount "72"]
[EventDate "2015.09.12"]
[EventType "team-tourn"]
[EventRounds "11"]
[EventCountry "FIN"]
[SourceTitle "EXT 2017"]
[Source "ChessBase"]
[SourceDate "2016.10.25"]
[SourceVersion "1"]
[SourceVersionDate "2016.10.25"]
[SourceQuality "1"]
[WhiteTeam "Helsinki Garde"]
[BlackTeam "Turku TuTS"]
[WhiteTeamCountry "FIN"]
[BlackTeamCountry "FIN"]

1. e4 c5 2. Nf3 e6 3. d4 cxd4 4. Nxd4 Nc6 5. Nc3 Qc7 6. g3 a6 7. Bg2 d6 8. 0-0 Bd7 9. Re1 Be7 10. Nxc6 Bxc6 11. a4 Nf6 12. Be3 0-0 13. a5 Rac8 14. Bb6 Qb8 15. Qd3 Nd7 16. Bd4 Rfd8 17. b3 Qc7 18. Ra2 Bf6 19. Rd1 Nc5 20. Qe3 Bxd4 21. Qxd4 e5 22. Qe3 Qe7 23. Bh3 Rc7 24. Nd5 Bxd5 25. Rxd5 Ne6 26. c4 Nd4 27. f4 f6 28. Rd2 Rc5 29. Qc3 Qc7 30. Bf1 Rxd5 31. exd5 Qc5 32. Kh1 Qa3 33. Rd3 Rc8 34. Bh3 Rc7 35. Rxd4 exd4 36. Qe1 Kf8 0-1

[Event "FIN-chT1A 1415"]
[Site "Finland"]
[Date "2015.02.07"]
[Round "6.7"]
[White "Tingander, Ari Pekka"]
[Black "Julkunen, Tapio"]
[Result "1/2-1/2"]
[WhiteElo "2008"]
[BlackElo "1936"]
[PlyCount "113"]
[EventDate "2014.09.27"]
[EventType "team-tourn"]
[EventRounds "7"]
[EventCountry "FIN"]
[SourceTitle "EXT 2017"]
[Source "ChessBase"]
[SourceDate "2016.10.25"]
[SourceVersion "1"]
[SourceVersionDate "2016.10.25"]
[SourceQuality "1"]
[WhiteTeam "Helsinki Garde"]
[BlackTeam "Vaasa VSS"]
[WhiteTeamCountry "FIN"]
[BlackTeamCountry "FIN"]

1. e4 c5 2. Nf3 d6 3. d4 cxd4 4. Nxd4 Nf6 5. Nc3 a6 6. Bg5 e6 7. f4 Be7 8. Qf3 Qc7 9. 0-0-0 Nbd7 10. f5 Ne5 11. Qh3 exf5 12. Nxf5 Bxf5 13. Qxf5 Rc8 14. Rd2 Qd7 15. Bxf6 Qxf5 16. exf5 gxf6 17. g3 0-0 18. Bg2 Rb8 19. Nd5 Bd8 20. Rd4 Re8 21. Re4 Rc8 22. Rd1 Rc4 23. Nc3 Be7 24. Rxc4 Nxc4 25. Re1 Kf8 26. Bxb7 Rb8 27. Bxa6 Nxb2 28. Rxe7 Kxe7 29. Bb5 Rxb5 30. Nxb5 Nc4 31. a4 Kd7 32. Nd4 d5 33. c3 Kd6 34. Kc2 Kc5 35. Nb3+ Kd6 36. a5 Ne3+ 37. Kd3 Nxf5 38. g4 Ne7 39. a6 Kc6 40. Kd4 Kb6 41. Nc5 f5 42. gxf5 Nxf5+ 43. Kxd5 Ne3+ 44. Kd4 Ng4 45. h3 Nf2 46. h4 Ng4 47. c4 h6 48. Nd7+ Kxa6 49. Ne5 f5 50. Nxg4 fxg4 51. h5 Kb6 52. Ke4 Kc5 53. Kf4 Kxc4 54. Kxg4 Kd5 55. Kf5 Kd6 56. Kf6 Kd7 57. Kg7 1/2-1/2

[Event "FIN-chT 1314"]
[Site "Finland"]
[Date "2014.03.09"]
[Round "11.8"]
[White "Tingander, Ari Pekka"]
[Black "Morant, Paul"]
[Result "1/2-1/2"]
[WhiteElo "2007"]
[BlackElo "2170"]
[PlyCount "27"]
[EventDate "2013.09.21"]
[EventType "team-tourn"]
[EventRounds "11"]
[EventCountry "FIN"]
[SourceTitle "EXT 2015"]
[Source "ChessBase"]
[SourceDate "2014.11.20"]
[SourceVersion "1"]
[SourceVersionDate "2014.11.20"]
[SourceQuality "1"]
[WhiteTeam "Helsinki Garde"]
[BlackTeam "Turku TuTS"]
[WhiteTeamCountry "FIN"]
[BlackTeamCountry "FIN"]

1. e4 e6 2. d4 d5 3. Nc3 dxe4 4. Nxe4 Nf6 5. Nxf6+ Qxf6 6. Nf3 h6 7. Bd3 Bd6 8. Qe2 Nc6 9. c3 Bd7 10. Bd2 0-0-0 11. 0-0-0 Rhe8 12. g4 Bf4 13. Qe4 Bxd2+ 14. Rxd2 1/2-1/2

[Event "FIN-chT 1314"]
[Site "Finland"]
[Date "2014.02.08"]
[Round "7.6"]
[White "Hynninen, Juha"]
[Black "Tingander, Ari Pekka"]
[Result "1-0"]
[WhiteElo "2205"]
[BlackElo "2007"]
[PlyCount "73"]
[EventDate "2013.09.21"]
[EventType "team-tourn"]
[EventRounds "11"]
[EventCountry "FIN"]
[SourceTitle "EXT 2015"]
[Source "ChessBase"]
[SourceDate "2014.11.20"]
[SourceVersion "1"]
[SourceVersionDate "2014.11.20"]
[SourceQuality "1"]
[WhiteTeam "Salo SalSK"]
[BlackTeam "Helsinki Garde"]
[WhiteTeamCountry "FIN"]
[BlackTeamCountry "FIN"]

1. d4 Nf6 2. c4 e6 3. Nc3 Bb4 4. e3 b6 5. Nge2 Bb7 6. a3 Be7 7. d5 0-0 8. g3 d6 9. Bg2 Nbd7 10. 0-0 e5 11. f4 a5 12. b3 Ne8 13. e4 Bf6 14. Be3 g6 15. Qd2 Bg7 16. f5 f6 17. h4 Qe7 18. Bh3 Nc5 19. Rab1 Kh8 20. g4 Rg8 21. fxg6 hxg6 22. g5 Bc8 23. Bxc8 Rxc8 24. b4 axb4 25. axb4 Nd7 26. Ng3 Nf8 27. Kg2 Nh7 28. Ra1 Bf8 29. Ra7 Qd8 30. Rh1 Be7 31. h5 fxg5 32. hxg6 Rxg6 33. Nb5 Ng7 34. Kg1 Ne8 35. Qh2 Nef6 36. Nf5 Kg8 37. Bxb6 1-0

[Event "FIN Team Cup"]
[Site "Finland"]
[Date "2013.04.06"]
[Round "1.1"]
[White "Pasanen, Tuomo Tapio"]
[Black "Tingander, Ari Pekka"]
[Result "1-0"]
[WhiteElo "2022"]
[BlackElo "2007"]
[PlyCount "59"]
[EventDate "2013.04.06"]
[EventType "team-k.o."]
[EventRounds "6"]
[EventCountry "FIN"]
[SourceTitle "EXT 2022"]
[Source "ChessBase"]
[SourceDate "2021.10.06"]
[SourceVersion "1"]
[SourceVersionDate "2021.10.06"]
[SourceQuality "1"]
[WhiteTeam "Helsinki I-HSK II"]
[BlackTeam "Helsinki Garde II"]
[WhiteTeamCountry "FIN"]
[BlackTeamCountry "FIN"]

1. e4 c5 2. Nf3 d6 3. d4 cxd4 4. Nxd4 Nf6 5. Nc3 Nc6 6. Bg5 e6 7. Qd2 a6 8. 0-0-0 Bd7 9. f3 h6 10. Be3 Rc8 11. Kb1 b5 12. Nxc6 Bxc6 13. Re1 Be7 14. g4 b4 15. Nd1 a5 16. g5 hxg5 17. Bxg5 Nxe4 18. fxe4 Bxg5 19. Qg2 Bf6 20. Ne3 Qb6 21. Ng4 Bd4 22. Qe2 0-0 23. e5 Bxe5 24. Bg2 Bxg2 25. Qxg2 Bd4 26. Rhg1 f5 27. Nh6+ Kh8 28. Qh3 Bxg1 29. Nxf5+ Kg8 30. Ne7+ 1-0

[Event "FIN-chT1 East 1213"]
[Site "Finland"]
[Date "2012.09.29"]
[Round "1.8"]
[White "Tingander, Ari Pekka"]
[Black "Peltola, Leo"]
[Result "1-0"]
[WhiteElo "2011"]
[BlackElo "2015"]
[PlyCount "79"]
[EventDate "2012.09.29"]
[EventType "team-tourn"]
[EventRounds "7"]
[EventCountry "FIN"]
[SourceTitle "EXT 2019"]
[Source "ChessBase"]
[SourceDate "2018.10.10"]
[SourceVersion "1"]
[SourceVersionDate "2018.10.10"]
[SourceQuality "1"]
[WhiteTeam "Helsinki Garde"]
[BlackTeam "Vantaa Remi"]
[WhiteTeamCountry "FIN"]
[BlackTeamCountry "FIN"]

1. e4 c5 2. Nf3 d6 3. d4 cxd4 4. Nxd4 Nf6 5. Nc3 a6 6. Bg5 e6 7. f4 Be7 8. Qf3 Qc7 9. 0-0-0 Nbd7 10. Bd3 h6 11. Bh4 g5 12. fxg5 Ne5 13. Qe2 Nfg4 14. h3 hxg5 15. Bg3 Nxd3+ 16. cxd3 Ne5 17. Kb1 Bd7 18. Rc1 Qb8 19. Rhf1 b5 20. Nf3 Rh7 21. d4 Nxf3 22. Qxf3 b4 23. Ne2 Bb5 24. d5 e5 25. Rc2 Bd7 26. Rfc1 Bd8 27. Bf2 a5 28. Ng3 a4 29. Rc4 Bb5 30. Qf5 Rh6 31. Rc8 Bd3+ 32. Ka1 Qb7 33. Rxa8 Qxa8 34. Rc8 Qa5 35. Qxg5 Rg6 36. Qh5 b3 37. a3 Kd7 38. Qf5+ Ke8 39. Qh5 Kd7 40. Rc3 1-0

[Event "FIN-chT1A 1112"]
[Site "Finland"]
[Date "2011.11.19"]
[Round "3.7"]
[White "Peltola, Leo"]
[Black "Tingander, Ari Pekka"]
[Result "1-0"]
[WhiteElo "2045"]
[BlackElo "2006"]
[PlyCount "61"]
[EventDate "2011.09.17"]
[EventType "team-tourn"]
[EventRounds "7"]
[EventCountry "FIN"]
[SourceTitle "EXT 2019"]
[Source "ChessBase"]
[SourceDate "2018.10.10"]
[SourceVersion "1"]
[SourceVersionDate "2018.10.10"]
[SourceQuality "1"]
[WhiteTeam "Vantaa Remi"]
[BlackTeam "Helsinki Garde"]
[WhiteTeamCountry "FIN"]
[BlackTeamCountry "FIN"]

1. e4 c5 2. Nf3 d6 3. d4 cxd4 4. Nxd4 Nf6 5. Nc3 Nc6 6. Be2 g6 7. 0-0 Bg7 8. Be3 0-0 9. Kh1 Bd7 10. f4 a6 11. Bf3 Rc8 12. Nce2 Na5 13. Rb1 Nc4 14. Bc1 b5 15. c3 Qc7 16. Nc2 Bc6 17. Ng3 Bb7 18. Ne3 Nb6 19. Ng4 Nfd7 20. f5 Ne5 21. Nh6+ Kh8 22. Ng4 Nbd7 23. Bh6 Bxh6 24. Nxh6 Nf6 25. Ng4 Nexg4 26. Bxg4 Nxg4 27. Qxg4 Qc4 28. Qh4 Rfe8 29. a3 d5 30. fxg6 fxg6 31. Rf7 1-0

[Event "WC-2014-S-00005"]
[Site "LSS email"]
[Date "2011.07.16"]
[Round "?"]
[White "Tingander, Ari Pekka"]
[Black "Wosch, Arkadiusz Janusz"]
[Result "1/2-1/2"]
[WhiteElo "2185"]
[BlackElo "2235"]
[PlyCount "134"]
[EventDate "2011.07.22"]
[EventType "tourn (corr)"]
[EventRounds "6"]
[EventCountry "GER"]
[SourceTitle "Telechess CBM 153"]
[Source "ChessBase"]
[SourceDate "2013.03.14"]
[SourceVersion "1"]
[SourceVersionDate "2013.03.14"]
[SourceQuality "1"]

1. e4 c5 2. Nf3 Nc6 3. d4 cxd4 4. Nxd4 Nf6 5. Nc3 d6 6. f3 e5 7. Nb3 Be7 8. Be3 0-0 9. Qd2 a5 10. Bb5 Na7 11. Be2 Be6 12. 0-0 Nc8 13. Qd3 a4 14. Nd2 Nb6 15. Qb5 Ra6 16. f4 exf4 17. Rxf4 d5 18. Qd3 Qc7 19. Rf2 dxe4 20. Ndxe4 a3 21. b3 Nxe4 22. Nxe4 Nd5 23. Bg5 f6 24. Bd2 Nb4 25. Qg3 Qxg3 26. Nxg3 Nxc2 27. Rc1 Rc6 28. Bf3 Rc5 29. Bxb7 Nd4 30. Re1 Re5 31. Rxe5 fxe5 32. Rxf8+ Bxf8 33. Bc3 Nxb3 34. axb3 Bc5+ 35. Kf1 Bd4 36. Ne2 Bxc3 37. Nxc3 Bxb3 38. Ke2 Kf7 39. Ke3 a2 40. Nxa2 Bxa2 41. Be4 h6 42. h4 Bc4 43. g3 Ke7 44. Kf3 Kd7 45. Ke3 Be6 46. Kf3 Kc7 47. Ke3 Bc8 48. Kf3 Kd6 49. Ke3 Be6 50. Bd3 Ke7 51. Be4 Bb3 52. Kf3 Bf7 53. Ke3 Be6 54. Kf3 Kd6 55. Ke3 Bd5 56. Bd3 Ke6 57. Bg6 Ba8 58. Bc2 Ke7 59. Bd3 Kf6 60. Bc2 Bc6 61. Bd3 Ke7 62. Bf5 Bb7 63. Bc2 Bd5 64. Bd3 Bg2 65. Bf5 Kf6 66. Bd3 Bd5 67. Bc2 Bb7 1/2-1/2

[Event "FIN Team Cup"]
[Site "Finland"]
[Date "2011.05.14"]
[Round "2.7"]
[White "Tingander, Ari Pekka"]
[Black "Graeffe, Petri"]
[Result "1-0"]
[WhiteElo "1981"]
[BlackElo "2091"]
[PlyCount "61"]
[EventDate "2011.03.26"]
[EventType "team-k.o."]
[EventRounds "5"]
[EventCountry "FIN"]
[SourceTitle "EXT 2022"]
[Source "ChessBase"]
[SourceDate "2021.10.06"]
[SourceVersion "1"]
[SourceVersionDate "2021.10.06"]
[SourceQuality "1"]
[WhiteTeam "Helsinki Garde"]
[BlackTeam "Aatos"]
[WhiteTeamCountry "FIN"]
[BlackTeamCountry "FIN"]

1. e4 c5 2. Nf3 e6 3. d4 cxd4 4. Nxd4 Nf6 5. Nc3 d6 6. Be3 Nc6 7. f3 a6 8. Qd2 Qc7 9. g4 b5 10. 0-0-0 b4 11. Nce2 Rb8 12. Nxc6 Qxc6 13. Nd4 Qc7 14. g5 Nd7 15. h4 Be7 16. h5 Nb6 17. Kb1 d5 18. e5 Na4 19. Qc1 Bd7 20. f4 a5 21. Bd3 0-0 22. Rdg1 Nc5 23. Bxh7+ Kxh7 24. g6+ Kg8 25. h6 fxg6 26. Rxg6 Rf7 27. hxg7 Rxg7 28. Rxg7+ Kxg7 29. Qg1+ Kf7 30. Rh7+ Ke8 31. Qg6+ 1-0

[Event "FIN-chT1A 1011"]
[Site "Finland"]
[Date "2011.03.12"]
[Round "9.5"]
[White "Tingander, Ari Pekka"]
[Black "Julkunen, Tapio"]
[Result "1-0"]
[WhiteElo "1988"]
[BlackElo "1970"]
[PlyCount "57"]
[EventDate "2010.09.18"]
[EventType "team-tourn"]
[EventRounds "9"]
[EventCountry "FIN"]
[SourceTitle "EXT 2022"]
[Source "ChessBase"]
[SourceDate "2021.10.06"]
[SourceVersion "1"]
[SourceVersionDate "2021.10.06"]
[SourceQuality "1"]
[WhiteTeam "Helsinki Garde"]
[BlackTeam "Vaasa VSS"]
[WhiteTeamCountry "FIN"]
[BlackTeamCountry "FIN"]

1. e4 c5 2. Nf3 d6 3. d4 cxd4 4. Nxd4 Nf6 5. Nc3 a6 6. Bg5 e6 7. f4 Be7 8. Qf3 Qc7 9. 0-0-0 Nbd7 10. Bd3 b5 11. Rhe1 Bb7 12. Qg3 b4 13. Nd5 exd5 14. exd5 Kd8 15. Qe3 Re8 16. Nf5 Qc5 17. Qe2 Kc7 18. Nxe7 Ng8 19. Bxh7 Nxe7 20. Bxe7 Nf6 21. Bf5 Nxd5 22. Rxd5 Bxd5 23. Qd3 Be6 24. Be4 Ra7 25. Bh4 Qb5 26. Qd4 Qc5 27. Qxg7 Kb6 28. Qf6 Rc7 29. Re2 1-0

[Event "Espoo MatSK Weekend A"]
[Site "Espoo"]
[Date "2011.02.26"]
[Round "2"]
[White "Tingander, Ari Pekka"]
[Black "Kyburz, Stefan"]
[Result "1-0"]
[WhiteElo "1986"]
[BlackElo "2020"]
[PlyCount "49"]
[EventDate "2011.02.25"]
[EventType "swiss"]
[EventRounds "5"]
[EventCountry "FIN"]
[SourceTitle "EXT 2022"]
[Source "ChessBase"]
[SourceDate "2021.10.06"]
[SourceVersion "1"]
[SourceVersionDate "2021.10.06"]
[SourceQuality "1"]

1. e4 e6 2. f4 d5 3. e5 c5 4. Nf3 Nc6 5. c3 Nh6 6. Na3 Be7 7. Nc2 Nf5 8. d4 Qb6 9. Bd3 c4 10. Bxf5 exf5 11. Ne3 Be6 12. b3 cxb3 13. axb3 f6 14. 0-0 fxe5 15. Nxe5 0-0 16. Nd3 Bd6 17. Rb1 Rac8 18. Qf3 Qb5 19. Ne5 Na5 20. c4 dxc4 21. d5 Bxe5 22. fxe5 f4 23. Ba3 fxe3 24. Qxf8+ Rxf8 25. Rxf8# 1-0

[Event "WC-2015-P-00008"]
[Site "LSS email"]
[Date "2011.02.20"]
[Round "?"]
[White "Tingander, Ari Pekka"]
[Black "Markus, Roland"]
[Result "1-0"]
[WhiteElo "2187"]
[BlackElo "2197"]
[PlyCount "129"]
[EventDate "2011.02.24"]
[EventType "tourn (corr)"]
[EventRounds "6"]
[EventCountry "GER"]
[SourceTitle "Telechess CBM 157"]
[Source "ChessBase"]
[SourceDate "2013.11.12"]
[SourceVersion "1"]
[SourceVersionDate "2013.11.12"]
[SourceQuality "1"]

1. e4 c6 2. d4 d5 3. e5 c5 4. c4 Nc6 5. Nf3 Bg4 6. cxd5 Bxf3 7. Qxf3 Nxd4 8. Qd1 Qxd5 9. Bb5+ Kd8 10. 0-0 a6 11. Nc3 Qxe5 12. Re1 Qc7 13. Ba4 Nf6 14. Ne2 b5 15. Nxd4 cxd4 16. Bb3 e6 17. Qf3 Ra7 18. Bf4 Qb7 19. Qg3 h5 20. Rad1 Ke8 21. Rxd4 Bc5 22. Be5 Rf8 23. Rdd1 Ng4 24. Bd4 Bxd4 25. Rxd4 Qc7 26. Rd6 Qc5 27. h3 h4 28. Qf4 Ke7 29. Rd5 Qxf2+ 30. Qxf2 Nxf2 31. Kxf2 Rh8 32. Rd4 Rc7 33. Red1 Rh5 34. Kf3 Rcc5 35. Rd7+ Kf6 36. R1d2 Rcf5+ 37. Ke4 Re5+ 38. Kd4 a5 39. Ra7 a4 40. Bd1 Rhf5 41. Bf3 Rf4+ 42. Kd3 g6 43. a3 Rc5 44. Rb7 e5 45. Ke3 Kg5 46. Rdd7 f6 47. Rg7 Rc1 48. Rxb5 Re1+ 49. Kd2 Rf1 50. Ke2 Rc1 51. Rd7 Rc2+ 52. Rd2 Rc1 53. Ra5 Rb1 54. Ke3 Rc1 55. Bd1 Rb1 56. Bxa4 Re1+ 57. Kd3 Rd4+ 58. Kc3 Re3+ 59. Kc2 Rc4+ 60. Kd1 Rg3 61. Bc2 Kf4 62. Ra4 Rxa4 63. Bxa4 Kf5 64. Bc6 Rb3 65. a4 1-0

[Event "FIN-chT1A 1011"]
[Site "Finland"]
[Date "2010.09.18"]
[Round "1.6"]
[White "Tingander, Ari Pekka"]
[Black "Kekki, Jorma J"]
[Result "1/2-1/2"]
[WhiteElo "1988"]
[BlackElo "2108"]
[PlyCount "46"]
[EventDate "2010.09.18"]
[EventType "team-tourn"]
[EventRounds "9"]
[EventCountry "FIN"]
[SourceTitle "EXT 2022"]
[Source "ChessBase"]
[SourceDate "2021.10.06"]
[SourceVersion "1"]
[SourceVersionDate "2021.10.06"]
[SourceQuality "1"]
[WhiteTeam "Helsinki Garde"]
[BlackTeam "Tampere Tammer II"]
[WhiteTeamCountry "FIN"]
[BlackTeamCountry "FIN"]

1. e4 e6 2. Nf3 d5 3. Nc3 dxe4 4. Nxe4 Nd7 5. d4 Ngf6 6. Bg5 Be7 7. Bxf6 Nxf6 8. Nxf6+ Bxf6 9. Bd3 c5 10. c3 cxd4 11. Nxd4 0-0 12. 0-0 Qb6 13. Qc2 g6 14. Nf3 e5 15. Rfe1 Re8 16. Rad1 Bg4 17. Be4 Rad8 18. h3 Bd7 19. Rd2 Bc6 20. Red1 Rxd2 21. Rxd2 Rd8 22. Rxd8+ Qxd8 23. Bxc6 bxc6 1/2-1/2

[Event "LSS WC-2014-P-00019"]
[Site "LSS email"]
[Date "2010.02.18"]
[Round "?"]
[White "Kurowski, Andrzej"]
[Black "Tingander, Ari Pekka"]
[Result "0-1"]
[WhiteElo "2080"]
[BlackElo "2156"]
[PlyCount "94"]
[EventDate "2010.02.24"]
[EventType "tourn (corr)"]
[EventRounds "6"]
[EventCountry "GER"]
[SourceTitle "Telechess CBM 147"]
[Source "ChessBase"]
[SourceDate "2012.03.16"]
[SourceVersion "1"]
[SourceVersionDate "2012.03.16"]
[SourceQuality "1"]

1. d4 d5 2. Nf3 c6 3. c4 Nf6 4. Nc3 e6 5. Bg5 h6 6. Bxf6 Qxf6 7. e3 Nd7 8. Bd3 dxc4 9. Bxc4 g6 10. 0-0 Bg7 11. b4 0-0 12. Rc1 Qe7 13. Qb3 b6 14. e4 Bb7 15. Rfe1 Rac8 16. Rcd1 Rfd8 17. a4 a6 18. b5 cxb5 19. axb5 a5 20. Na4 Qb4 21. Qxb4 axb4 22. Bb3 Ra8 23. e5 Ra5 24. Nb2 Rxb5 25. Nc4 Bf8 26. Rc1 Nb8 27. Red1 Kg7 28. Kf1 Bd5 29. h3 Be7 30. Ke1 g5 31. Ncd2 Bc6 32. Rc4 Ra5 33. Rdc1 Ba8 34. Rc7 Kf8 35. Ke2 Ra3 36. R7c2 h5 37. Rc8 Bb7 38. Rxd8+ Bxd8 39. Ne1 Nc6 40. Nc2 Ra8 41. f3 Rc8 42. Rb1 Ba6+ 43. Ke3 Be7 44. Ne4 Na5 45. Na1 Nxb3 46. Nxb3 Rc2 47. Nbd2 Ra2 0-1

[Event "LSS WC-2014-P-00019"]
[Site "LSS email"]
[Date "2010.02.18"]
[Round "?"]
[White "Tingander, Ari Pekka"]
[Black "Lavis, Jon"]
[Result "1-0"]
[WhiteElo "2162"]
[BlackElo "1697"]
[PlyCount "51"]
[EventDate "2010.02.24"]
[EventType "tourn (corr)"]
[EventRounds "6"]
[EventCountry "GER"]
[SourceTitle "Telechess CBM 141"]
[Source "ChessBase"]
[SourceDate "2011.03.17"]
[SourceVersion "1"]
[SourceVersionDate "2011.03.17"]
[SourceQuality "1"]

1. e4 g6 2. d4 Bg7 3. Nc3 d6 4. Be3 a6 5. f4 Nd7 6. a4 b6 7. Nf3 Bb7 8. Bc4 e6 9. Ng5 h6 10. Nxf7 Kxf7 11. f5 gxf5 12. exf5 Qh4+ 13. g3 Qh3 14. fxe6+ Kf8 15. Rf1+ Ndf6 16. d5 Ke8 17. Qd3 Ne7 18. Bd4 Rf8 19. 0-0-0 Qh5 20. Rf4 Qg6 21. Qf3 h5 22. Kb1 Neg8 23. Bd3 Qh6 24. Rf1 Ke7 25. h3 b5 26. axb5 1-0